[Event "4th Eksjo it"]
[Site "Eksjo SWE"]
[Date "1976.03.31"]
[Round "1"]
[White "Akvist, Hakan"]
[Black "Szilagyi, Gyorgy"]
[Result "1/2-1/2"]
[WhiteElo "2325"]
[BlackElo "2380"]
[EventDate "1976.03.31"]
[PlyCount "40"]

1. e4 c5 2. Nf3 Nc6 3. d4 cxd4 4. Nxd4 g6 5. c4 Bg7 6. Be3 Nf6 7. Nc3 Ng4 8. Qxg4 Nxd4 9. Qd1 Ne6 10. Qd2 Qa5 11. Rc1 b6 12. Be2 Bb7 13. f3 d6 14. O-O g5 15. a4 h5 16. Bd1 Bc6 17. Rf2 h4 18. Nd5 Qxd2 19. Rxd2 Be5 20. b4 f6 1/2-1/2

[Event "4th Eksjo it"]
[Site "Eksjo SWE"]
[Date "1976.03.31"]
[Round "1"]
[White "Bednarski, Jacek"]
[Black "Spiridonov, Nikola"]
[Result "1-0"]
[WhiteElo "2425"]
[BlackElo "2490"]
[EventDate "1976.03.31"]
[PlyCount "69"]

1. e4 c6 2. d4 d5 3. Nd2 dxe4 4. Nxe4 Nd7 5. Bc4 Ngf6 6. Ng5 e6 7. Qe2 Nb6 8. Bd3 h6 9. N5f3 c5 10. dxc5 Bxc5 11. Ne5 Nbd7 12. f4 Nxe5 13. fxe5 Nd7 14. Nf3 Qc7 15. Bf4 b6 16. Rf1 Bb7 17. Bg3 O-O-O 18. O-O-O Nb8 19. Nd2 Nc6 20. Nc4 Kb8 21. Nd6 Bxd6 22. exd6 Qd7 23. Bb5 f6 24. Rf3 e5 25. Rc3 Rhe8 26. Qc4 Rc8 27. Qa4 Re6 28. Qg4 Rd8 29. Bxc6 Bxc6 30. Rxc6 Qxc6 31. Qxe6 Qxg2 32. d7 Qb7 33. Qe7 Qc7 34. Qxg7 Kb7 35. Qe7 1-0

[Event "4th Eksjo it"]
[Site "Eksjo SWE"]
[Date "1976.03.31"]
[Round "1"]
[White "Eslon, Jaan"]
[Black "Andersson, Goran"]
[Result "1-0"]
[WhiteElo "2365"]
[BlackElo "2315"]
[EventDate "1976.03.31"]
[PlyCount "33"]

1. e4 c5 2. c3 Nf6 3. e5 Nd5 4. d4 cxd4 5. cxd4 d6 6. Nf3 Nc6 7. Bc4 Nb6 8. Bb5 dxe5 9. Nxe5 Qd5 10. Bxc6+ bxc6 11. O-O c5 12. Nc3 Qxd4 13. Qe2 c4 14. Rd1 Qc5 15. b4 cxb3 16. Ba3 Qa5 17. Rd8+ 1-0

[Event "4th Eksjo it"]
[Site "Eksjo SWE"]
[Date "1976.03.31"]
[Round "1"]
[White "Schneider, Lars-Ake"]
[Black "Zichichi, Alvise"]
[Result "1-0"]
[WhiteElo "2365"]
[BlackElo "2320"]
[EventDate "1976.03.31"]
[PlyCount "89"]

1. b3 e5 2. Bb2 Nc6 3. e3 d5 4. Bb5 Bd6 5. Nf3 Qe7 6. c4 dxc4 7. bxc4 Bd7 8. O-O e4 9. c5 exf3 10. cxd6 cxd6 11. Qxf3 Nf6 12. Bxf6 Qxf6 13. Qxf6 gxf6 14. Nc3 a6 15. Ba4 Ne7 16. Bxd7+ Kxd7 17. a4 b6 18. Rab1 Rab8 19. Rb4 f5 20. Rfb1 Kc6 21. Kf1 Rb7 22. Ne2 Rhb8 23. Rh4 Rh8 24. Nd4+ Kd7 25. Rh6 Ng8 26. Rh5 Ne7 27. g3 Nc6 28. Rxf5 Nxd4 29. Rxf7+ Kc8 30. Rc1+ Kb8 31. Rxb7+ Kxb7 32. exd4 Re8 33. f4 Re4 34. f5 b5 35. axb5 axb5 36. Rd1 Rg4 37. Kg2 Kc6 38. Kf3 Rg8 39. Kf4 b4 40. f6 Kd5 41. Kf5 b3 42. f7 Rf8 43. Kf6 Kxd4 44. Rb1 Rb8 45. Kg7 1-0

[Event "4th Eksjo it"]
[Site "Eksjo SWE"]
[Date "1976.03.31"]
[Round "1"]
[White "Westerinen, Heikki"]
[Black "Kinnmark, Ove"]
[Result "1-0"]
[WhiteElo "2485"]
[BlackElo "2390"]
[EventDate "1976.03.31"]
[PlyCount "117"]

1. e4 e5 2. Nf3 Nc6 3. Bb5 a6 4. Ba4 Nf6 5. O-O Be7 6. Re1 b5 7. Bb3 d6 8. c3 O-O 9. h3 h6 10. d4 Re8 11. Nbd2 Bf8 12. Nf1 Bd7 13. Ng3 Na5 14. Bc2 c5 15. b3 g6 16. d5 Nb7 17. Bd2 Bg7 18. a4 Qb6 19. Qc1 Kh7 20. Qa3 Qc7 21. axb5 Bxb5 22. Be3 Ng8 23. Nd2 a5 24. Qb2 Reb8 25. Ra3 Qd8 26. Rea1 Ne7 27. Qa2 Kh8 28. b4 cxb4 29. cxb4 Qc8 30. Bb6 f5 31. bxa5 f4 32. Ngf1 Nc5 33. Qb2 Ba6 34. Rc3 Qf8 35. Qc1 Nc8 36. Bxc5 dxc5 37. Bd3 Bxd3 38. Rxd3 Rb5 39. Nc4 Nd6 40. Nfd2 Rb4 41. Rc3 Nb5 42. Nb6 Nxc3 43. Qxc3 Ra7 44. Ndc4 Bf6 45. d6 Kh7 46. d7 Qd8 47. Qd3 Qg8 48. Nd5 Bd8 49. Nxb4 cxb4 50. Nxe5 Qg7 51. Qd5 b3 52. a6 Qf6 53. Rb1 Rxa6 54. Qf7+ Qg7 55. Rxb3 Ra1+ 56. Kh2 Rd1 57. Rb7 Rd6 58. Qe8 Qf6 59. Rb8 1-0

[Event "4th Eksjo it"]
[Site "Eksjo SWE"]
[Date "1976.04.01"]
[Round "2"]
[White "Andersson, Goran"]
[Black "Schneider, Lars-Ake"]
[Result "0-1"]
[WhiteElo "2315"]
[BlackElo "2365"]
[EventDate "1976.03.31"]
[PlyCount "110"]

1. e4 e5 2. Nf3 Nc6 3. Bb5 a6 4. Ba4 Nf6 5. O-O Be7 6. Re1 b5 7. Bb3 O-O 8. c3 d6 9. h3 Na5 10. Bc2 c5 11. d4 Qc7 12. Nbd2 Nc6 13. dxc5 dxc5 14. Nf1 Be6 15. Ne3 Rad8 16. Qe2 c4 17. Nf5 Rfe8 18. Bg5 Nd7 19. Bxe7 Nxe7 20. Ng5 Nf8 21. Rad1 f6 22. Nxe6 Nxe6 23. Qg4 Nxf5 24. exf5 Nc5 25. Be4 Nd3 26. Re2 Rd6 27. Qf3 Red8 28. Red2 Nxb2 29. Bd5+ Rxd5 30. Rxd5 Nxd1 31. Qxd1 Rxd5 32. Qxd5+ Kf8 33. Qa8+ Kf7 34. Qd5+ Kf8 35. Qa8+ Ke7 36. Qg8 Kd6 37. Qe6+ Kc5 38. Qxa6 b4 39. cxb4+ Kxb4 40. a3+ Kb3 41. Qb5+ Ka2 42. Qd5 Kxa3 43. Qd1 Qc5 44. Qa1+ Kb3 45. Qb1+ Ka4 46. Qc2+ Kb5 47. Qb1+ Qb4 48. Qe4 Ka4 49. Qa8+ Kb3 50. Qa1 Qd2 51. Qb1+ Qb2 52. Qd1+ Qc2 53. Qf3+ c3 54. Qb7+ Ka2 55. Qa6+ Kb2 0-1

[Event "4th Eksjo it"]
[Site "Eksjo SWE"]
[Date "1976.04.01"]
[Round "2"]
[White "Kinnmark, Ove"]
[Black "Szilagyi, Gyorgy"]
[Result "1/2-1/2"]
[WhiteElo "2390"]
[BlackElo "2380"]
[EventDate "1976.03.31"]
[PlyCount "79"]

1. e4 c5 2. Nf3 d6 3. d4 cxd4 4. Nxd4 Nf6 5. Nc3 a6 6. g3 Bg4 7. f3 Bd7 8. Be3 Nc6 9. Qd2 e6 10. g4 h6 11. h4 Qc7 12. Rg1 Nxd4 13. Bxd4 Bc6 14. a4 Nd7 15. Be2 e5 16. Be3 Be7 17. Rh1 h5 18. Bg5 Nc5 19. gxh5 Rxh5 20. O-O-O O-O-O 21. f4 Rhh8 22. Bxe7 Qxe7 23. Nd5 Bxd5 24. exd5 exf4 25. Rdf1 Rxh4 26. Rxh4 Qxh4 27. Rxf4 Qh6 28. Rxf7 Nxa4 29. Qxh6 gxh6 30. Rh7 Rg8 31. Rxh6 Rg1+ 32. Kd2 Nxb2 33. Rxd6 Rg2 34. Re6 Kc7 35. Ke3 Na4 36. d6+ Kd7 37. Re7+ Kxd6 38. Rxb7 Nc5 39. Rb6+ Kc7 40. Rf6 1/2-1/2

[Event "4th Eksjo it"]
[Site "Eksjo SWE"]
[Date "1976.04.01"]
[Round "2"]
[White "Spiridonov, Nikola"]
[Black "Akvist, Hakan"]
[Result "1-0"]
[WhiteElo "2490"]
[BlackElo "2325"]
[EventDate "1976.03.31"]
[PlyCount "107"]

1. Nf3 f5 2. g3 Nf6 3. Bg2 d6 4. d4 g6 5. O-O Bg7 6. c4 O-O 7. Nc3 c6 8. d5 e5 9. dxe6 Bxe6 10. b3 Na6 11. Bb2 Qe7 12. Ng5 Bc8 13. e3 Nc5 14. Rc1 Ng4 15. Nf3 Be6 16. Rc2 Rad8 17. Nd4 Bc8 18. Re1 Qg5 19. b4 Ne6 20. Nce2 Qh6 21. h3 Ne5 22. b5 Ng5 23. h4 Ne4 24. bxc6 bxc6 25. Nxc6 Nxc6 26. Qd5+ Rf7 27. Bxg7 Qxg7 28. Qxc6 Bb7 29. Qb5 Nc5 30. Qa5 Qf6 31. Nf4 Bxg2 32. Kxg2 Rb8 33. Rd1 Qe5 34. Qd2 Rb6 35. Qd5 Kg7 36. Nd3 Nxd3 37. Rxd3 Qxd5+ 38. Rxd5 Kf6 39. c5 dxc5 40. Rdxc5 Rfb7 41. Kf3 Ke6 42. Rc7 Kd6 43. R2c6+ Kd5 44. Rxb7 Rxb7 45. Ra6 Kc5 46. a4 Kd5 47. Kf4 Rc7 48. f3 Rc4+ 49. Kg5 Rc3 50. h5 gxh5 51. Kf4 Rc7 52. Ra5+ Kc4 53. Rxf5 Kb4 54. a5 1-0

[Event "4th Eksjo it"]
[Site "Eksjo SWE"]
[Date "1976.04.01"]
[Round "2"]
[White "Westerinen, Heikki"]
[Black "Eslon, Jaan"]
[Result "0-1"]
[WhiteElo "2485"]
[BlackElo "2365"]
[EventDate "1976.03.31"]
[PlyCount "78"]

1. e4 Nf6 2. e5 Nd5 3. d4 d6 4. c4 Nb6 5. f4 Bf5 6. Nc3 dxe5 7. fxe5 e6 8. Nf3 Bb4 9. Bd3 c5 10. Bxf5 exf5 11. d5 Nxc4 12. O-O O-O 13. Qd3 Nb6 14. Bg5 Qd7 15. Rad1 c4 16. Qd4 Na6 17. Qh4 Rfe8 18. d6 Bxc3 19. bxc3 Nc5 20. Be7 Ne6 21. Nd4 Nxd4 22. Rxd4 Qe6 23. Rdf4 Nd5 24. Rxf5 Nxe7 25. dxe7 Rxe7 26. Rh5 h6 27. h3 Rd8 28. Qf4 g6 29. Rxh6 Qxe5 30. Qh4 Rde8 31. Kh1 Qg7 32. Qg5 Re1 33. Kg1 Qxc3 34. Rxe1 Qxe1+ 35. Kh2 Qe5+ 36. Qxe5 Rxe5 37. Rh4 Rc5 38. Rd4 b5 39. Kg3 b4 0-1

[Event "4th Eksjo it"]
[Site "Eksjo SWE"]
[Date "1976.04.01"]
[Round "2"]
[White "Zichichi, Alvise"]
[Black "Bednarski, Jacek"]
[Result "1/2-1/2"]
[WhiteElo "2320"]
[BlackElo "2425"]
[EventDate "1976.03.31"]
[PlyCount "40"]

1. Nf3 d5 2. b3 Bg4 3. Bb2 Nd7 4. g3 Bxf3 5. exf3 Ngf6 6. f4 e6 7. Bg2 c6 8. d3 Bb4+ 9. c3 Bd6 10. d4 c5 11. O-O O-O 12. Nd2 cxd4 13. c4 Bc5 14. cxd5 Nxd5 15. Ne4 Bb6 16. Bxd4 Bxd4 17. Qxd4 N7f6 18. Nxf6+ Qxf6 19. Qxf6 gxf6 20. f5 Rad8 1/2-1/2

[Event "4th Eksjo it"]
[Site "Eksjo SWE"]
[Date "1976.04.02"]
[Round "3"]
[White "Akvist, Hakan"]
[Black "Zichichi, Alvise"]
[Result "0-1"]
[WhiteElo "2325"]
[BlackElo "2320"]
[EventDate "1976.03.31"]
[PlyCount "98"]

1. e4 c5 2. Nf3 e6 3. d4 cxd4 4. Nxd4 Nc6 5. Nc3 a6 6. Be2 Qc7 7. f4 Bb4 8. a3 Bxc3+ 9. bxc3 d6 10. O-O Nce7 11. Qd3 Nf6 12. c4 O-O 13. Kh1 Nd7 14. Qg3 Nc5 15. Bb2 f6 16. e5 dxe5 17. fxe5 f5 18. Nf3 Bd7 19. Rad1 Ba4 20. Qh3 Ng6 21. Bc1 Rfd8 22. Be3 Bxc2 23. Rxd8+ Rxd8 24. Qh5 Nf8 25. Ng5 g6 26. Qh4 Rd7 27. Nf3 Bd3 28. Bxd3 Rxd3 29. Bh6 Qd8 30. Bg5 Qd7 31. h3 Ne4 32. Be7 Kf7 33. Bb4 Qd8 34. Qh6 Kg8 35. Kh2 a5 36. Be1 Nd7 37. Bh4 Qf8 38. Qc1 Qxa3 39. Qxa3 Rxa3 40. Rd1 Nec5 41. Be7 Rd3 42. Rb1 Rb3 43. Rd1 Kf7 44. Bd6 h6 45. h4 a4 46. h5 gxh5 47. Ra1 Rc3 48. Nd4 Rxc4 49. Nb5 Rh4+ 0-1

[Event "4th Eksjo it"]
[Site "Eksjo SWE"]
[Date "1976.04.02"]
[Round "3"]
[White "Bednarski, Jacek"]
[Black "Andersson, Goran"]
[Result "1-0"]
[WhiteElo "2425"]
[BlackElo "2315"]
[EventDate "1976.03.31"]
[PlyCount "63"]

1. e4 c5 2. Nf3 d6 3. d4 cxd4 4. Nxd4 Nf6 5. Nc3 a6 6. Bc4 e6 7. Bb3 b5 8. O-O Be7 9. f4 O-O 10. e5 dxe5 11. fxe5 Nfd7 12. Qh5 Nc6 13. Nxc6 Qb6+ 14. Kh1 Qxc6 15. Rf3 Bb7 16. Bf4 Nc5 17. Rg1 Ne4 18. Nd1 Rad8 19. Ne3 Bc5 20. Qh4 Nd2 21. Rg3 Ne4 22. Rh3 h5 23. Rf1 g6 24. Bh6 Rfe8 25. Rhf3 Rd7 26. c3 Nd2 27. Qf6 Bf8 28. Bxf8 Rxf8 29. Bxe6 Nxf3 30. Qxg6+ Kh8 31. Qxh5+ Kg7 32. Nf5+ 1-0

[Event "4th Eksjo it"]
[Site "Eksjo SWE"]
[Date "1976.04.02"]
[Round "3"]
[White "Eslon, Jaan"]
[Black "Kinnmark, Ove"]
[Result "1/2-1/2"]
[WhiteElo "2365"]
[BlackElo "2390"]
[EventDate "1976.03.31"]
[PlyCount "41"]

1. e4 e5 2. Nf3 Nc6 3. Bb5 a6 4. Ba4 Nf6 5. O-O Be7 6. d4 exd4 7. Re1 b5 8. e5 Nxe5 9. Rxe5 d6 10. Re1 bxa4 11. Nxd4 Bd7 12. Qf3 O-O 13. Nc6 Bxc6 14. Qxc6 Nd7 15. Nc3 a3 16. Nd5 Bf6 17. Nxf6+ Qxf6 18. Qxd7 axb2 19. Bxb2 Qxb2 20. Qxc7 d5 21. Reb1 1/2-1/2

[Event "4th Eksjo it"]
[Site "Eksjo SWE"]
[Date "1976.04.02"]
[Round "3"]
[White "Schneider, Lars-Ake"]
[Black "Westerinen, Heikki"]
[Result "0-1"]
[WhiteElo "2365"]
[BlackElo "2485"]
[EventDate "1976.03.31"]
[PlyCount "80"]

1. e4 e5 2. Nf3 Nc6 3. Bb5 a6 4. Bxc6 dxc6 5. O-O Bd6 6. d4 exd4 7. Qxd4 f6 8. Re1 Be6 9. e5 fxe5 10. Nxe5 Ne7 11. Bg5 O-O 12. Nd2 Nf5 13. Qg4 Qc8 14. Nec4 Bc5 15. Ne4 Ba7 16. Ne5 Nd6 17. Qh5 Nxe4 18. Rxe4 Rxf2 19. Be3 Rf4 20. Rxf4 Bxe3+ 21. Rf2 Bxf2+ 22. Kxf2 Qf8+ 23. Nf3 Bd5 24. Re1 Qc5+ 25. Kg3 Rf8 26. Re2 h6 27. a3 Qd6+ 28. Kf2 Bxf3 29. gxf3 Qd4+ 30. Kg2 Qxb2 31. Qc5 Qf6 32. Qc4+ Kh7 33. Rf2 Qg5+ 34. Kf1 Qc1+ 35. Kg2 Rf6 36. f4 Rg6+ 37. Kf3 Qxa3+ 38. Ke2 Qe7+ 39. Kd1 Rg1+ 40. Rf1 Qd6+ 0-1

[Event "4th Eksjo it"]
[Site "Eksjo SWE"]
[Date "1976.04.02"]
[Round "3"]
[White "Szilagyi, Gyorgy"]
[Black "Spiridonov, Nikola"]
[Result "1/2-1/2"]
[WhiteElo "2380"]
[BlackElo "2490"]
[EventDate "1976.03.31"]
[PlyCount "33"]

1. d4 Nf6 2. c4 g6 3. Nc3 d5 4. Bf4 Bg7 5. e3 c6 6. Nf3 O-O 7. Rc1 a6 8. h3 dxc4 9. Bxc4 Nbd7 10. O-O c5 11. dxc5 Nxc5 12. Qxd8 Rxd8 13. Bc7 Rd7 14. Bb6 Nd3 15. Bxd3 Rxd3 16. Bd4 Be6 17. Rc2 1/2-1/2

[Event "4th Eksjo it"]
[Site "Eksjo SWE"]
[Date "1976.04.03"]
[Round "4"]
[White "Andersson, Goran"]
[Black "Akvist, Hakan"]
[Result "1-0"]
[WhiteElo "2315"]
[BlackElo "2325"]
[EventDate "1976.03.31"]
[PlyCount "81"]

1. e4 e6 2. d4 d5 3. Nc3 Bb4 4. e5 Ne7 5. a3 Bxc3+ 6. bxc3 b6 7. a4 Nbc6 8. Nf3 Qd7 9. Bb5 a6 10. Bd3 Bb7 11. Ng5 h6 12. Qh5 g6 13. Qh4 Nf5 14. Bxf5 exf5 15. Nh3 Na5 16. O-O Qe7 17. Bg5 Qf8 18. Bf6 Rg8 19. Rfe1 Kd7 20. Qg3 Re8 21. Qf3 Nc4 22. Nf4 Nd2 23. Qh3 Kc8 24. Re2 Ne4 25. Rae1 Nxf6 26. exf6 Rxe2 27. Rxe2 Qd6 28. Qxh6 Qxf6 29. Nd3 Qc6 30. Qh7 Rd8 31. Qxf7 Qxa4 32. h4 Kb8 33. Qxg6 Qa1+ 34. Kh2 Qxc3 35. h5 Qxd4 36. Re8 Qh4+ 37. Kg1 Rxe8 38. Qxe8+ Bc8 39. Qg6 f4 40. f3 Qe7 41. h6 1-0

[Event "4th Eksjo it"]
[Site "Eksjo SWE"]
[Date "1976.04.03"]
[Round "4"]
[White "Eslon, Jaan"]
[Black "Schneider, Lars-Ake"]
[Result "1/2-1/2"]
[WhiteElo "2365"]
[BlackElo "2365"]
[EventDate "1976.03.31"]
[PlyCount "80"]

1. Nf3 Nf6 2. d4 e6 3. c4 b6 4. Nc3 Bb7 5. a3 d5 6. cxd5 exd5 7. Bg5 Be7 8. e3 O-O 9. Bd3 Nbd7 10. Rc1 c5 11. O-O Ne4 12. Bxe7 Qxe7 13. dxc5 Ndxc5 14. Be2 Rfd8 15. Nb5 a5 16. Nfd4 Qf6 17. b4 axb4 18. axb4 Na6 19. Nc7 Nxc7 20. Rxc7 Rdb8 21. Bd3 Qd6 22. Nb5 Qxb4 23. Qh5 Qf8 24. Bxe4 dxe4 25. Nd6 Ra5 26. Qxf7+ Qxf7 27. Nxf7 Rc5 28. Rxc5 bxc5 29. Nd6 Ba6 30. Rc1 Bd3 31. f3 exf3 32. gxf3 c4 33. e4 Kf8 34. Kf2 Ke7 35. Nf5+ Kf6 36. Ke3 Rb2 37. Nd6 Re2+ 38. Kf4 Rxh2 39. Nxc4 Bxc4 40. Rxc4 g5+ 1/2-1/2

[Event "4th Eksjo it"]
[Site "Eksjo SWE"]
[Date "1976.04.03"]
[Round "4"]
[White "Kinnmark, Ove"]
[Black "Spiridonov, Nikola"]
[Result "1-0"]
[WhiteElo "2390"]
[BlackElo "2490"]
[EventDate "1976.03.31"]
[PlyCount "125"]

1. e4 c6 2. d4 g6 3. c3 Bg7 4. Nf3 Nf6 5. Bd3 O-O 6. O-O d5 7. e5 Ne8 8. h3 Nc7 9. Re1 b6 10. Nbd2 Ba6 11. Bc2 Ne6 12. Nf1 Bxf1 13. Rxf1 c5 14. dxc5 Nxc5 15. Bf4 Nc6 16. Qd2 e6 17. Rfe1 Qc7 18. Bh6 Nd7 19. Bxg7 Kxg7 20. Qf4 b5 21. Re2 Na5 22. a4 Qc4 23. Qe3 b4 24. Bd3 Qc5 25. Qf4 b3 26. Bb5 Qc7 27. Nh2 h5 28. Nf3 Nc5 29. Ree1 a6 30. Bf1 Qe7 31. Nd4 Rac8 32. Re3 Nc4 33. Bxc4 dxc4 34. Re2 Rfd8 35. Qe3 Rd5 36. Qg3 Qd7 37. f4 Nd3 38. Rf1 Rxd4 39. cxd4 Qxd4+ 40. Kh1 Nxb2 41. f5 exf5 42. e6 Re8 43. Qc7 Qf6 44. Rxb2 Rxe6 45. Rbb1 Rc6 46. Qb7 Rb6 47. Qd5 Rb4 48. Rfc1 Qe6 49. Qa5 Qd6 50. Rd1 Qb6 51. Qe5+ Qf6 52. Qa5 Rb6 53. Rdc1 Rd6 54. Rxc4 Rd3 55. Qe1 f4 56. Qf1 Qd6 57. Rxf4 f5 58. Rf3 Rd4 59. Rfxb3 Rxa4 60. Rb7+ Kh6 61. Qc1+ f4 62. Qc2 f3 63. Qc1+ 1-0

[Event "4th Eksjo it"]
[Site "Eksjo SWE"]
[Date "1976.04.03"]
[Round "4"]
[White "Westerinen, Heikki"]
[Black "Bednarski, Jacek"]
[Result "0-1"]
[WhiteElo "2485"]
[BlackElo "2425"]
[EventDate "1976.03.31"]
[PlyCount "66"]

1. e4 e5 2. Nf3 Nf6 3. d4 Nxe4 4. dxe5 d5 5. Be3 Bg4 6. Nbd2 Nd7 7. Be2 Qe7 8. O-O O-O-O 9. Bxa7 Nxe5 10. Nxe5 Bxe2 11. Qxe2 Qxe5 12. c4 Bd6 13. Nf3 Qh5 14. Qc2 Rhe8 15. Rfd1 dxc4 16. Rac1 Bf4 17. Be3 Bxe3 18. fxe3 Rxd1+ 19. Qxd1 Qc5 20. Nd4 Nd6 21. Rc3 f5 22. Ra3 g6 23. Kf1 h5 24. Qf3 Kb8 25. Qd1 Re4 26. Qa4 Kc8 27. Qa8+ Kd7 28. Qg8 f4 29. Ra8 Qg5 30. Qg7+ Qe7 31. Qxg6 Rxe3 32. Nf3 Rd3 33. Ne1 Rd1 0-1

[Event "4th Eksjo it"]
[Site "Eksjo SWE"]
[Date "1976.04.03"]
[Round "4"]
[White "Zichichi, Alvise"]
[Black "Szilagyi, Gyorgy"]
[Result "1/2-1/2"]
[WhiteElo "2320"]
[BlackElo "2380"]
[EventDate "1976.03.31"]
[PlyCount "44"]

1. Nf3 d5 2. b3 Nf6 3. Bb2 c6 4. g3 Bg4 5. Bg2 Nbd7 6. d3 e6 7. Nbd2 Be7 8. O-O O-O 9. h3 Bh5 10. e4 a5 11. a4 Ne8 12. Qe2 Nc7 13. g4 Bg6 14. Nd4 Bc5 15. Kh1 e5 16. Nf5 Re8 17. Qf3 Bb4 18. Rfd1 d4 19. Nf1 Ne6 20. N1g3 Nf4 21. Bc1 Nxg2 22. Qxg2 Nf8 1/2-1/2

[Event "4th Eksjo it"]
[Site "Eksjo SWE"]
[Date "1976.04.04"]
[Round "5"]
[White "Akvist, Hakan"]
[Black "Westerinen, Heikki"]
[Result "1-0"]
[WhiteElo "2325"]
[BlackElo "2485"]
[EventDate "1976.03.31"]
[PlyCount "103"]

1. Nf3 Nf6 2. g3 g6 3. Bg2 Bg7 4. O-O O-O 5. c4 d6 6. Nc3 Nc6 7. d3 e5 8. Rb1 h6 9. b4 Be6 10. b5 Ne7 11. Nd2 d5 12. Ba3 Re8 13. Qc2 Qd7 14. cxd5 Nexd5 15. Nce4 Nxe4 16. Nxe4 b6 17. Bb2 a6 18. a4 Rec8 19. Rfc1 axb5 20. axb5 Nb4 21. Qd2 Na2 22. Rc6 Ra5 23. Nc5 Qe7 24. Nxe6 fxe6 25. Bh3 Kh7 26. Bxe6 Rca8 27. Bc4 Ra4 28. Bxa2 Rxa2 29. Qc3 R8a7 30. Ra1 Rxa1+ 31. Bxa1 Qd7 32. Bb2 Qg4 33. f3 Qa4 34. Rxc7 Rxc7 35. Qxc7 Qxb5 36. Bc3 Qb1+ 37. Kf2 Kg8 38. Qc4+ Kh7 39. Qc7 Kg8 40. f4 Qh1 41. Bxe5 Qxh2+ 42. Kf3 Qh1+ 43. Ke3 Bxe5 44. fxe5 Qg1+ 45. Ke4 Qxg3 46. Qd8+ Kf7 47. Qd7+ Kf8 48. e6 Qh4+ 49. Kd5 Qe7 50. Kc6 h5 51. d4 Qe8 52. Qxe8+ 1-0

[Event "4th Eksjo it"]
[Site "Eksjo SWE"]
[Date "1976.04.04"]
[Round "5"]
[White "Bednarski, Jacek"]
[Black "Eslon, Jaan"]
[Result "1/2-1/2"]
[WhiteElo "2425"]
[BlackElo "2365"]
[EventDate "1976.03.31"]
[PlyCount "21"]

1. e4 Nf6 2. Nc3 e5 3. Nf3 Nc6 4. Bb5 d6 5. d4 Bd7 6. O-O exd4 7. Nxd4 Be7 8. Bxc6 bxc6 9. Qf3 O-O 10. e5 Ng4 11. Nxc6 1/2-1/2

[Event "4th Eksjo it"]
[Site "Eksjo SWE"]
[Date "1976.04.04"]
[Round "5"]
[White "Schneider, Lars-Ake"]
[Black "Kinnmark, Ove"]
[Result "1-0"]
[WhiteElo "2365"]
[BlackElo "2390"]
[EventDate "1976.03.31"]
[PlyCount "95"]

1. b3 e5 2. Bb2 Nc6 3. e3 d5 4. Bb5 f6 5. d4 e4 6. Ne2 f5 7. c4 a6 8. Bxc6+ bxc6 9. Ba3 Bxa3 10. Nxa3 Ne7 11. Rc1 Qd6 12. Nb1 Be6 13. Nd2 O-O 14. cxd5 cxd5 15. Qc2 c6 16. Qc5 Qd8 17. Nf4 Rf6 18. h4 Bf7 19. g3 Rh6 20. Rg1 Nc8 21. Nb1 Nd6 22. Nc3 Be8 23. Na4 Nf7 24. Kd2 Rd6 25. Kc2 Nh6 26. Kb2 Ng4 27. Rc2 Rh6 28. Qb6 Qxb6 29. Nxb6 Rb8 30. Na4 Bd7 31. Rgc1 Kf8 32. Rd2 Ke7 33. Rc5 Rf6 34. a3 g6 35. b4 h6 36. Ra5 Bc8 37. Nc5 Rb6 38. Nb3 Kd6 39. Rc5 Bd7 40. Na5 g5 41. Ng2 Nh2 42. Rd1 Nf3 43. hxg5 hxg5 44. Rh1 f4 45. gxf4 gxf4 46. Nxf4 Nxd4 47. Rd1 Nb5 48. Nc4+ 1-0

[Event "4th Eksjo it"]
[Site "Eksjo SWE"]
[Date "1976.04.04"]
[Round "5"]
[White "Spiridonov, Nikola"]
[Black "Zichichi, Alvise"]
[Result "1/2-1/2"]
[WhiteElo "2490"]
[BlackElo "2320"]
[EventDate "1976.03.31"]
[PlyCount "93"]

1. Nf3 d5 2. c4 c6 3. b3 Nf6 4. Bb2 Bg4 5. e3 e6 6. h3 Bh5 7. Be2 Nbd7 8. O-O Bd6 9. d3 O-O 10. Nbd2 Re8 11. Rc1 e5 12. cxd5 cxd5 13. Nh4 Bxe2 14. Qxe2 g6 15. Nhf3 Qa5 16. a3 Qa6 17. Rfd1 e4 18. Ne1 Be5 19. Nb1 Rac8 20. Qd2 Qb6 21. Bxe5 Nxe5 22. d4 Nc6 23. Qb2 Na5 24. Nd2 Nd7 25. Rc3 Rc6 26. Rdc1 Rec8 27. Rxc6 Rxc6 28. Rxc6 Qxc6 29. Nc2 Qb5 30. Nb4 Nc6 31. Na2 Qd3 32. Nc1 Qa6 33. Nb1 Ne7 34. Qd2 Qb6 35. Nc3 Qa5 36. Nxe4 Qxa3 37. Nc3 a6 38. Qc2 Qd6 39. Nd3 b6 40. Na4 Nc6 41. Qc3 a5 42. Qe1 Kg7 43. Nc3 Nf6 44. Nb5 Qd7 45. Qf1 Ne4 46. Qe2 f6 47. g4 1/2-1/2

[Event "4th Eksjo it"]
[Site "Eksjo SWE"]
[Date "1976.04.04"]
[Round "5"]
[White "Szilagyi, Gyorgy"]
[Black "Andersson, Goran"]
[Result "1-0"]
[WhiteElo "2380"]
[BlackElo "2315"]
[EventDate "1976.03.31"]
[PlyCount "87"]

1. c4 Nf6 2. Nc3 g6 3. e4 d6 4. d4 Bg7 5. f3 O-O 6. Be3 Nc6 7. Qd2 Re8 8. Rd1 e5 9. d5 Nd4 10. Nge2 Nxe2 11. Bxe2 Nh5 12. O-O f5 13. exf5 gxf5 14. c5 Nf4 15. Bc4 Qh4 16. Kh1 Nh5 17. Bb3 Ng3+ 18. Kg1 Nxf1 19. Rxf1 a6 20. cxd6 cxd6 21. Na4 b5 22. Nb6 Rb8 23. a4 e4 24. f4 Qd8 25. a5 Qf6 26. Rf2 Re7 27. Qc1 Bb7 28. Rc2 Qf7 29. Nc8 Bxc8 30. Rxc8+ Re8 31. Rc6 Qf6 32. Rxa6 Qxb2 33. Qxb2 Bxb2 34. Rxd6 Red8 35. Rxd8+ Rxd8 36. a6 Kf8 37. d6 Rxd6 38. a7 Ra6 39. Bd5 Bc1 40. Bc5+ Ke8 41. a8=Q+ Rxa8 42. Bxa8 Kd7 43. g3 Bd2 44. Bd5 1-0

[Event "4th Eksjo it"]
[Site "Eksjo SWE"]
[Date "1976.04.05"]
[Round "6"]
[White "Andersson, Goran"]
[Black "Spiridonov, Nikola"]
[Result "0-1"]
[WhiteElo "2315"]
[BlackElo "2490"]
[EventDate "1976.03.31"]
[PlyCount "88"]

1. c4 c5 2. Nc3 g6 3. g3 Bg7 4. Bg2 Nc6 5. Nf3 d6 6. O-O a6 7. Rb1 Rb8 8. Ne1 Na5 9. b3 b5 10. cxb5 axb5 11. Bb2 b4 12. Nd5 Bxb2 13. Rxb2 e6 14. Ne3 Qf6 15. Rc2 Ne7 16. Nf3 Bb7 17. d4 Bxf3 18. Bxf3 cxd4 19. Nc4 Nxc4 20. Rxc4 d5 21. Rxd4 O-O 22. Qd2 Nc6 23. Rh4 Rfc8 24. Rc1 h5 25. Bg2 Ne7 26. Rf1 Rc3 27. e4 d4 28. e5 Qxe5 29. Rxd4 Nf5 30. Rd7 h4 31. Qg5 hxg3 32. hxg3 Rc7 33. Rd2 Kg7 34. Rfd1 Rh8 35. Bf3 Qc5 36. Be4 Rh5 37. Qf4 e5 38. Qg4 Nd4 39. Rxd4 exd4 40. Bd3 Qd5 41. Be4 Qd7 42. Qf4 Qd8 43. Bf3 Rf5 44. Qe4 Qf6 0-1

[Event "4th Eksjo it"]
[Site "Eksjo SWE"]
[Date "1976.04.05"]
[Round "6"]
[White "Eslon, Jaan"]
[Black "Akvist, Hakan"]
[Result "1-0"]
[WhiteElo "2365"]
[BlackElo "2325"]
[EventDate "1976.03.31"]
[PlyCount "107"]

1. e4 e6 2. d4 d5 3. Nc3 Nf6 4. Bg5 dxe4 5. Nxe4 Be7 6. Bxf6 gxf6 7. Nf3 b6 8. Bd3 Bb7 9. Qe2 c6 10. O-O-O Qc7 11. Kb1 Nd7 12. c4 O-O-O 13. d5 Ne5 14. Nxe5 Qxe5 15. g3 exd5 16. f4 Qe6 17. cxd5 cxd5 18. Qc2+ Qc6 19. Nc3 Kb8 20. Rhe1 Bb4 21. Re2 Bc8 22. Nb5 Qxc2+ 23. Rxc2 Bg4 24. Rf1 Bc5 25. a3 h5 26. b4 Bd6 27. Re1 h4 28. Rc6 hxg3 29. hxg3 Bf8 30. Rxf6 Be6 31. Nd4 Bg7 32. Nc6+ Kc7 33. Nxd8 Kxd8 34. Rfxe6 fxe6 35. Rxe6 Rh1+ 36. Kc2 Rg1 37. Rg6 Rg2+ 38. Kb3 Bd4 39. Ka4 Kc7 40. Ba6 Ra2 41. f5 Rf2 42. g4 Rf4 43. Be2 Re4 44. Bd3 Re3 45. Ba6 Bb2 46. Kb5 Rxa3 47. Rc6+ Kd7 48. Bc8+ Ke7 49. g5 Rc3 50. f6+ Kf8 51. Be6 Rxc6 52. Kxc6 a5 53. bxa5 bxa5 54. Kxd5 1-0

[Event "4th Eksjo it"]
[Site "Eksjo SWE"]
[Date "1976.04.05"]
[Round "6"]
[White "Kinnmark, Ove"]
[Black "Zichichi, Alvise"]
[Result "0-1"]
[WhiteElo "2390"]
[BlackElo "2320"]
[EventDate "1976.03.31"]
[PlyCount "112"]

1. e4 c5 2. Nf3 e6 3. d4 cxd4 4. Nxd4 Nc6 5. Nc3 a6 6. g3 Nge7 7. Be3 d6 8. Bg2 Bd7 9. O-O Nc8 10. a4 Be7 11. Nxc6 Bxc6 12. a5 O-O 13. Qd4 Na7 14. Na4 Nb5 15. Qd2 Qe8 16. Nb6 Rd8 17. c4 Nc7 18. Qc2 f5 19. b4 Qg6 20. exf5 Rxf5 21. Na4 Rdf8 22. Nc3 Bxg2 23. Kxg2 h5 24. f4 d5 25. Bb6 Ne8 26. Bc5 Bxc5 27. bxc5 d4 28. Na4 e5 29. Nb6 exf4 30. Rxf4 Qc6+ 31. Nd5 Rxf4 32. gxf4 Nf6 33. Qb3 Rd8 34. Qb6 Qxb6 35. Nxb6 Ne4 36. Rd1 Nxc5 37. Kf3 Kf8 38. Nd5 Nb3 39. Ke4 Rc8 40. Nb6 Re8+ 41. Kd3 Re3+ 42. Kc2 Rc3+ 43. Kb1 Nxa5 44. Nd7+ Ke7 45. Rxd4 Rxc4 46. Rd5 Ke6 47. Rd2 Rxf4 48. Nc5+ Kf5 49. Rd5+ Kg4 50. Ne6 Rb4+ 51. Kc2 Rb5 52. Rd3 g5 53. Rg3+ Kh4 54. Nd4 Rc5+ 55. Kd3 g4 56. Ke4 Nc6 0-1